100 Premier League Appearances: Fulham FC - Statistics

General Stats
  • This quiz has been taken 11 times
  • The average score is 4 of 16
Answers on the Grid
Answers color-coded by a green-red scale on the quiz's grid according to % correct below.
Mark Schwarzer
Jimmy Bullard
Clint Dempsey
Sylvain Legwinski
Sean Davis
Bernd Leno
Louis Saha
Bobby Zamora
Brian McBride
Moritz Volz
Andreas Pereira
Danny Murphy
Mousa Dembele
Kieran Richardson
Damien Duff
Tosin Adarabioyo
Luis Boa Morte
Edwin van der Sar
Sascha Riether
Timothy Castagne
Antonee Robinson
Denis Odoi
John Paintsil
Brede Hangeland
Bobby De Cordova-Reid
Bryan Ruiz
Philippe Senderos
Aaron Hughes
Simon Davies
Joao Palhinha
 
Answer Stats
Answer % Correct
Bernd Leno
63%
Mark Schwarzer
63%
Antonee Robinson
50%
Edwin van der Sar
50%
Clint Dempsey
38%
Brede Hangeland
25%
Brian McBride
25%
Danny Murphy
25%
Luis Boa Morte
25%
Sylvain Legwinski
25%
Aaron Hughes
13%
Andreas Pereira
13%
Simon Davies
13%
Bobby De Cordova-Reid
0%
Damien Duff
0%
Moritz Volz
0%
No matching quizzes found
Score Distribution
Percent of People with Each Score
Percentile by Number Answered
Your Score History
You have not taken this quiz